| 000 | 00899nas a2200313 4500 | ||
|---|---|---|---|
| 001 | BR8801188 | ||
| 003 | BR-BrBNA | ||
| 005 | 20231205091049.0 | ||
| 007 | ta | ||
| 008 | 230509b bl.|||p| |||| 00| 00por d | ||
| 040 |
_aBR-BrBNA _bpor _cBiblioteca Nacional de Agricultura |
||
| 041 | _a(En) | ||
| 072 | _aL51 | ||
| 100 | 1 | _aDantas, M.A. | |
| 100 | 1 | _aZuim, S.M.F. | |
| 100 | 1 | _aMacari, M. | |
| 100 | 1 | _aIazigi, N. | |
| 100 | 1 | _aSecato, E.R. | |
| 100 | 1 | _aGuerreiro, J.R. | |
| 245 | 1 | _aEffect of diet, energy and propranolol on 3,5,3' - Triidothyronine and Thyroxine levels in lean and obese pigs | |
| 650 | _aSUÍNO | ||
| 650 | _aDIETA | ||
| 650 | _aHORMONIO ANIMAL | ||
| 650 | _aPROTEINA | ||
| 650 | _aGORDURA | ||
| 773 | 0 |
_tArs Veterinaria (Brazil) _xISSN 0102-6380 _g(1986), v. 2(2) p. 167-178 _wBR8801188 |
|
| 909 |
_a202311 _bLúcia _c55 _dLúcia Elande |
||
| 942 |
_2AGRIS _n0 _cANA |
||
| 999 |
_c122519 _d122519 |
||